000 01027nam a2200253 i 4500
001 164701
003 ES-MaACL
005 20230906213001.0
008 931025s1768 it |||| | lat d
040 _aCYL
_bspa
_cPAB
100 1 _aSandini, Antonio.
_9132406
245 1 0 _aVitae pontificum romanorum
_b: ex antiquis monumentis descriptae /
_copera et studio Antonii Sandini ... ; pars prima [- secunda].
250 _aEditio quinta italica post duas germanicas...
260 _aVenetiis :
_bex typographia Balleoniana,
_c1768.
300 _a[16], 254 p. [2] p. bl.; [2], 259-576 p. ;
_c8º.
595 1 _aDatos de ed. preceden a la información complementaria del título.
596 1 _aMarca tip. en port.
597 1 _aSign.: *\p8\s, A-Q\p8\s; R-Z\p8\s, 2A-2N\p8\s.
597 1 _aApostillas marginales.
710 2 1 _aTipografia Balleoniana,
_eimp.
_9224051
752 _aItalia -
_dVenecia
852 _aES-MaACL
_jR-455
_z-- Enc. perg.
_q-- Sólo pars secunda
_d--
_xOlim: D-5187
999 _c164701
_d164701